Responses for show #2579 - Thursday, November 16, 1995

1995 Tournament of Champions quarterfinal game 4.

Contestants

John McKeon, a writer from Chevy Chase, Maryland

Ryan Holznagel, a software writer from Forest Grove, Oregon

David Siegel, a paralegal from Los Angeles, California

Jeopardy! Round responses

FAMOUS FRANKS
HIGHWAYS & BYWAYS
BASEBALL
DANCE
FAMILIAR PHRASES
GOLD RUSHES
    $100 8
L. Frank Baum

Ryan
    $100 1
Champs-Elysees

Ryan
    $100 2
Strikeouts

David
    $100 7
India

John
    $100 18
Clay

David
    $100 13
Australia

Ryan
    $200 9
Teamsters

Ryan
    $200 27
Vatican City

John
    $200 3
Pete Rose

David
    $200 19
(David: What is Sleeping Beauty?)

Cinderella

DavidJohn
    $200 20
a fish

Ryan
    $200 17
John Sutter

David
    $300 10
Frank Zappa

John
    $300 28
Boston Common

John
    $300 4
Willie Mays

David
    $300 24
Metropolitan Opera

John
    $300 21
Dumps

David
    $300 14
Klondike

David
    $400 11
Frank Borman

Ryan
    $400 29
Berlin

David
    $400 5
Cal Ripken, Jr.

John
    $400 25
Bali

David
    $400 22
Caught red-handed

John
    $400 15
Boer War

Ryan
    $500 12
Frank Church

Ryan
    $500 30
Delphi

David
    $500 6
Kenesaw Mountain Landis

David
    $1,000 26
Alvin Ailey

David
    $500 23
Nom de guerre

John
    $500 16
Colorado

David

Scores at the first commercial break (after clue 15):

David Ryan John
$1,400 $1,800 $800

Scores at the end of the Jeopardy! Round:

David Ryan John
$4,600 $2,000 $2,700

Double Jeopardy! Round responses

ASSASSINATIONS
FLOWERS
THE CARIBBEAN
SCIENTISTS
ECONOMICS
WOMEN NOVELISTS
    $200 1
Rajiv Gandhi

Ryan
    $200 21
Poinsettia

Ryan
    $200 11
English

Ryan
    $200 13
Omar Khayyam

David
    $200 26
Dollar

John
    $200 6
Ayn Rand

John
    $400 2
Anwar Sadat

Ryan
    $400 22
Pansy

Ryan
    $400 12
Puerto Rico

John
    $400 14
Sir Isaac Newton

Ryan
    $400 30
Social Security

Ryan
    $400 7
Italy

David
    $600 3
Pancho Villa

John
    $600 23
Carnation

David
    $600 18
British Virgin Islands

David
    $600 15
Rachel Carson

David
    $600 29
Great Depression

Ryan
    $600 8
Colette

David
    $800 4
Rasputin

Ryan
    $800 24
Chrysanthemum

David
    $800 19
(John: What is Antigua?)

Aruba

John
Triple Stumper
    $800 16
Max Planck

David
    $800 28
Junk bonds

Ryan
    $800 9
George Eliot

David
    $1000 5
Sweden

Ryan
    $1000 25
Evening primrose

Triple Stumper
    $1,000 20
Cayman Islands

David
    $1000 17
Antoine Lavoisier

Triple Stumper
    $1000 27
Consumer Price Index

John
    $1000 10
Eudora Welty

David

Scores at the end of the Double Jeopardy! Round:

David Ryan John
$12,000 $7,400 $4,300

Final Jeopardy! Round responses

STATE CAPITALS
(Alex: Hey, narrows it down--there are only 50 of them!)
JohnWhat is Boise?
$4,300
RyanWhat is Lincoln?
$1,221
DavidWhat is Lincoln?
$1,000
Lincoln, Nebraska

Final scores:

David Ryan John
$13,000 $8,621 $0
Automatic semifinalist 2nd place: $1,000 if eliminated 3rd place: $1,000 if eliminated

Game dynamics:

Coryat scores:

David Ryan John
$11,500 $7,400 $4,300
24 R
(including 3 DDs),
1 W
19 R,
0 W
14 R,
1 W

Combined Coryat: $23,200

The J! Archive is created by fans, for fans. The Jeopardy! game show and all elements thereof, including but not limited to copyright and trademark thereto, are the property of Jeopardy Productions, Inc. and are protected under law. This website is not affiliated with, sponsored by, or operated by Jeopardy Productions, Inc. Join the discussion at JBoard.tv.